| 000 | 00538nam a2200193Ia 4500 | ||
|---|---|---|---|
| 003 | OSt | ||
| 005 | 20200821094032.0 | ||
| 008 | 190216s9999||||xx |||||||||||||| ||und|| | ||
| 020 | _a9788184875591 | ||
| 040 | _coclc | ||
| 082 |
_a547.59 _bAHL/H |
||
| 100 |
_aAhluwalia, V K _94137 |
||
| 245 | 0 |
_aHeterocyclic Chemistry / _cV K Ahluwalia |
|
| 250 | _a2nd Ed. | ||
| 260 |
_bNarosa Publishing House, _c2016. _aNew Delhi: |
||
| 300 | _a400p | ||
| 650 | _aChemistry | ||
| 942 |
_cBK _2ddc _h547.59 _iAHL/H _k547.59 _mAHL/H |
||
| 999 |
_c3786 _d3786 |
||